Miley Cyrus - Jaded (Lyrics) - Statistics

General Stats
  • This quiz has been taken 152 times
  • The average score is 195 of 246
Answer Stats
Answer % Correct
I
98%
you
98%
You
98%
a
97%
so
97%
and
95%
And
95%
it
95%
jaded
95%
Now
95%
now
95%
that
95%
that?
95%
your
95%
You're
94%
I'm
94%
sorry
94%
you're
94%
You're
94%
hate
91%
when
91%
When
91%
don't
89%
Don't
89%
don't
89%
places
89%
take
88%
to
86%
could've
83%
could've
83%
know
83%
taken
82%
but
80%
never
80%
too
80%
We
80%
we
80%
was
79%
lonely
77%
wanna
77%
is
76%
it's
74%
it's
74%
talk
74%
the
74%
came
73%
ended
73%
like
73%
said
73%
Said
73%
shame
73%
back
71%
be
71%
long
71%
where
71%
Hell,
70%
me
70%
my
68%
won't
68%
wrong,
68%
in
67%
went
67%
change
65%
easy
65%
fucking
65%
had
64%
lie,
64%
on
64%
far
62%
I've
62%
forever,
61%
isn't
61%
number
61%
think
61%
time
61%
T-shirt
61%
We're
61%
keep
59%
body
58%
hurts
58%
left
58%
not
58%
even
56%
look
56%
much
56%
over
56%
somebody
56%
are
55%
bury
55%
big
53%
I'll
53%
say
53%
at
52%
bar
52%
blurry
52%
car
52%
dark
52%
part
52%
stop,
52%
worried
52%
bone's
50%
down
50%
new
50%
goodbye
48%
just
48%
mind
48%
up
48%
willing
48%
jump
47%
'til
45%
head
44%
older
44%
faded
42%
call
41%
heart,
41%
broke
39%
own
38%
you'd
36%
unpacked
36%
torn
33%
No matching quizzes found
Score Distribution
Percent of People with Each Score
Percentile by Number Answered
Your Score History
You have not taken this quiz